Tiếng anh chuyên ngành công nghệ thực phẩm =The language of techno-food processing in English : Song ngữ Anh - Việt

Sparad:
Bibliografiska uppgifter
Materialtyp: Bok
Språk:English
Publicerad: Khoa học kỹ thuật 2016
Ämnen:
Taggar: Lägg till en tagg
Inga taggar, Lägg till första taggen!
Thư viện lưu trữ: Mạng thư viện Đại học Đà Nẵng
LEADER 01162nam a2200313 a 4500
001 000003305
003 04379
005 20171229145311.0
008 171229s2016 eng
040 |a LSK 
041 0 |a ENG  |a VIE 
082 0 |a 664.0014  |b NG-H 
245 0 0 |a Tiếng anh chuyên ngành công nghệ thực phẩm =The language of techno-food processing in English : Song ngữ Anh - Việt  |c Nguyễn Thị Hiền chủ biên; Lê Thị Lan Chi, Từ Việt Phú, Lương Hồng Nga 
260 |b Khoa học kỹ thuật  |c 2016 
300 |a 271 pages  |c 26,5 cm. 
653 |a Công nghệ thực phẩm 
653 |a Tiếng Anh 
852 |a Phòng Đọc 
901 |a 2 
927 |a Sách tham khảo 
OWN |a LSK 
AVA |a UDN50  |b LSK  |d 664.0014 NG-H  |e available  |t Error 5001 Not defined in file expand_doc_bib_avail.  |f 2  |g 0  |h N  |i 0  |k 1 
999 |a From the UDN01 
AVA |a UDN50  |b LSK  |d 664.0014 NG-H  |e available  |t Error 5001 Not defined in file expand_doc_bib_avail.  |f 2  |g 0  |h N  |i 0  |k 1 
TYP |a Monograph 
TYP |a Printed language 
980 |a Mạng thư viện Đại học Đà Nẵng